1000 idiomatische Redensarten Englisch mit Erklärungen und Beispielen
Salvato in:
| Autore principale: | |
|---|---|
| Natura: | Libro |
| Lingua: | tedesco |
| Pubblicazione: |
Berlin
Langenscheidt
1966
|
| Edizione: | 7. Aufl. |
| Soggetti: | |
| Tags: |
Nessun Tag, puoi essere il primo ad aggiungerne!!
|
MARC
| LEADER | 00000nam a2200000 4500 | ||
|---|---|---|---|
| 001 | c122788 | ||
| 005 | 20250513074326.4 | ||
| 041 | 0 | |a ger | |
| 044 | |a DE | ||
| 245 | 1 | 0 | |a 1000 idiomatische Redensarten Englisch |b mit Erklärungen und Beispielen |c Reginald Wykeham |
| 250 | |a 7. Aufl. | ||
| 264 | 1 | |a Berlin |b Langenscheidt |c 1966 | |
| 300 | |a 246 s. | ||
| 610 | 2 | 0 | |a francúzština |
| 610 | 2 | 0 | |a jazykoveda |
| 100 | 1 | |a Wykeham, Reginald | |